| 000 | 00750nam a22001935i 4500 | ||
|---|---|---|---|
| 001 | 155272 | ||
| 003 | ES-MaACL | ||
| 005 | 20250903083731.0 | ||
| 008 | 040719s1884 gw a |||| | fre d | ||
| 110 | 2 |
_aHerder, B. _9134433 |
|
| 245 | 1 | 0 | _aCatalogue des publications en langues latine, française, flamande et anglaise de B. Herder, libraire-éditeur à Fribourg... |
| 260 |
_aFribourg : _bB. Herder, _c1884. |
||
| 300 |
_a23 p. : _bil. ; _c22 cm. |
||
| 597 | _aTexto enmarcado con il. intercaladas. | ||
| 650 | 7 |
_aCatálogos de libreros _2embne _9139327 |
|
| 650 | 4 |
_aLibros- _vCatálogos comerciales. _9159004 |
|
| 852 | 4 |
_aES-MaACL _jT-432-F-9 _z- Enc. hol., falto de cub. original _z- Enc. en un vol. facticio |
|
| 999 |
_c155272 _d155272 |
||